[Event "Manaus op 2nd"]
[Site "Manaus"]
[Date "2023.10.15"]
[Round "7"]
[White "De Oliveira, Tiago Augusto Adami"]
[Black "Leite, Gina Dourado Rocha"]
[Result "1-0"]
[WhiteElo "1800"]
[BlackElo "1424"]
[PlyCount "42"]
[EventDate "2023.10.11"]
[EventType "swiss"]
[EventRounds "9"]
[EventCountry "BRA"]
[SourceTitle "Mega2024 Update 01"]
[Source "Chessbase"]
[SourceDate "2023.11.12"]
[SourceVersion "1"]
[SourceVersionDate "2023.11.12"]
[SourceQuality "1"]

1. d4 d5 2. c4 e6 3. Nc3 Nf6 4. cxd5 Bb4 5. Qa4+ c6 6. Qxb4 exd5 7. Bg5 Na6 8. Qb3 0-0 9. Nf3 Qe8 10. Bxf6 Qe6 11. Bh4 Re8 12. e3 f6 13. Bxa6 bxa6 14. 0-0 Qd6 15. Bg3 Qf8 16. Nxd5 Be6 17. Nxf6+ Qxf6 18. Qb7 Bd5 19. Be5 Qg6 20. Nh4 Qg5 21. Bg3 Qxh4 1-0

[Event "Manaus op 2nd"]
[Site "Manaus"]
[Date "2023.10.14"]
[Round "5"]
[White "Bezerra, Maria Luiza Jacquim"]
[Black "De Oliveira, Tiago Augusto Adami"]
[Result "1/2-1/2"]
[WhiteElo "1809"]
[BlackElo "1800"]
[PlyCount "100"]
[EventDate "2023.10.11"]
[EventType "swiss"]
[EventRounds "9"]
[EventCountry "BRA"]
[SourceTitle "Mega2024 Update 01"]
[Source "Chessbase"]
[SourceDate "2023.11.12"]
[SourceVersion "1"]
[SourceVersionDate "2023.11.12"]
[SourceQuality "1"]

1. e4 c6 2. Nf3 d5 3. Bd3 dxe4 4. Bxe4 Nf6 5. Bd3 Bg4 6. 0-0 Nbd7 7. h3 Bh5 8. Nc3 e6 9. Re1 Bd6 10. b3 0-0 11. Bb2 Qc7 12. Be2 Rad8 13. d3 Nb6 14. Kh1 c5 15. Nb5 Qb8 16. Nxd6 Qxd6 17. Be5 Qe7 18. Qd2 c4 19. Qg5 Bg6 20. Nh4 cxd3 21. cxd3 Nbd5 22. Nxg6 hxg6 23. Bf3 Qc5 24. d4 Qc2 25. Kg1 Qf5 26. Qxf5 gxf5 27. Rac1 Nd7 28. Bg3 Nb4 29. Rc7 Nxa2 30. Rxb7 Nf6 31. Rxa7 Nc3 32. Be5 Nfd5 33. Bxd5 Rxd5 34. b4 Nb5 35. Rb7 Nxd4 36. Bxd4 Rxd4 37. b5 Rb4 38. b6 Rc8 39. Rd1 Rc6 40. Rd8+ Kh7 41. Rdb8 Kg6 42. g3 e5 43. Kg2 Rb3 44. Re7 e4 45. b7 Rcb6 46. h4 Kf6 47. Rc7 g6 48. Kf1 Rb2 49. Ke1 Kg7 50. Kf1 Kf6 1/2-1/2

[Event "Manaus op 2nd"]
[Site "Manaus"]
[Date "2023.10.12"]
[Round "3"]
[White "Leal, Aurimar de Azevedo"]
[Black "De Oliveira, Tiago Augusto Adami"]
[Result "1/2-1/2"]
[WhiteElo "1525"]
[BlackElo "1800"]
[PlyCount "129"]
[EventDate "2023.10.11"]
[EventType "swiss"]
[EventRounds "9"]
[EventCountry "BRA"]
[SourceTitle "Mega2024 Update 01"]
[Source "Chessbase"]
[SourceDate "2023.11.12"]
[SourceVersion "1"]
[SourceVersionDate "2023.11.12"]
[SourceQuality "1"]

1. e4 c6 2. d3 d5 3. exd5 cxd5 4. g3 Nf6 5. Bg2 Bf5 6. Ne2 e6 7. 0-0 Bd6 8. b3 Nc6 9. Bb2 0-0 10. Nd2 Rc8 11. Nf3 Nb4 12. c3 Nxd3 13. Qd2 Nxb2 14. Qxb2 Ne4 15. Nh4 Qf6 16. Rac1 Be5 17. Nd4 Nxc3 18. Nhxf5 exf5 19. Nf3 Bd6 20. Rc2 Ne4 21. Qxf6 Nxf6 22. Rfc1 Rxc2 23. Rxc2 Ne4 24. Nd4 g6 25. Nb5 Bb8 26. f3 Nf6 27. a4 a6 28. Nd4 Ba7 29. Rd2 Rc8 30. Bf1 Rc3 31. Kg2 Bxd4 32. Rxd4 Rxb3 33. g4 fxg4 34. fxg4 h5 35. g5 Ng4 36. h3 Ne3+ 37. Kf2 Nxf1 38. Kxf1 Rxh3 39. Rxd5 Rg3 40. Kf2 Rg4 41. a5 Kg7 42. Kf3 Ra4 43. Kg3 Kf8 44. Rc5 Ke7 45. Rc7+ Ke6 46. Rxb7 Rxa5 47. Kh4 f6 48. Rb6+ Ke5 49. gxf6 Ra4+ 50. Kg5 h4 51. f7 Rf4 52. Kxg6 h3 53. Rxa6 h2 54. Ra5+ Ke6 55. Rh5 Rf6+ 56. Kg7 Rxf7+ 57. Kg6 Rf2 58. Kg5 Rg2+ 59. Kf4 Kf6 60. Kf3 Ra2 61. Kg3 Ra5 62. Rxh2 Rg5+ 63. Kf3 Rf5+ 64. Ke4 Re5+ 65. Kd4 1/2-1/2